Bayesian Analysis with Excel and R (Record no. 13297)

MARC details
000 -LEADER
fixed length control field 00425nam a22001697a 4500
003 - CONTROL NUMBER IDENTIFIER
control field OSt
008 - FIXED-LENGTH DATA ELEMENTS--GENERAL INFORMATION
fixed length control field 250416b |||||||| |||| 00| 0 eng d
020 ## - INTERNATIONAL STANDARD BOOK NUMBER
International Standard Book Number 9788119896554
082 ## - DEWEY DECIMAL CLASSIFICATION NUMBER
Classification number 519.542 CAB
100 ## - MAIN ENTRY--PERSONAL NAME
Personal name CARLBERG,Conrad
245 ## - TITLE STATEMENT
Title Bayesian Analysis with Excel and R
250 ## - EDITION STATEMENT
Edition statement 1st IMP
260 ## - PUBLICATION, DISTRIBUTION, ETC. (IMPRINT)
Place of publication, distribution, etc New Delhi
Name of publisher, distributor, etc Pearson
Date of publication, distribution, etc 2024
300 ## - PHYSICAL DESCRIPTION
Extent 150
650 ## - SUBJECT ADDED ENTRY--TOPICAL TERM
Topical term or geographic name as entry element Bayesian Analysis with Excel and R
942 ## - ADDED ENTRY ELEMENTS (KOHA)
Source of classification or shelving scheme Dewey Decimal Classification
Koha item type Text Books
Holdings
Withdrawn status Lost status Source of classification or shelving scheme Damaged status Not for loan Collection code Home library Current library Date acquired Source of acquisition Currency Cost, normal purchase price Bill Number Total Checkouts Full call number Acc. no. / Barcode Date last seen Actual Cost, discounted price Bill Date Koha item type
    Dewey Decimal Classification     MBA PIET C-LIBRARY PIET C-LIBRARY 04/04/2025 Zaffa Books INR 470.00 ZBD0013   519.542 CAB 39049 16/04/2025 319.60 25/03/2025 Reference Books
    Dewey Decimal Classification     MBA PIET C-LIBRARY PIET C-LIBRARY 04/04/2025 Zaffa Books INR 470.00 ZBD0013   519.542 CAB 39050 16/04/2025 319.60 25/03/2025 Text Books
    Dewey Decimal Classification     MBA PIET C-LIBRARY PIET C-LIBRARY 04/04/2025 Zaffa Books INR 470.00 ZBD0013   519.542 CAB 39051 16/04/2025 319.60 25/03/2025 Text Books
    Dewey Decimal Classification     MBA PIET C-LIBRARY PIET C-LIBRARY 04/04/2025 Zaffa Books INR 470.00 ZBD0013   519.542 CAB 39052 16/04/2025 319.60 25/03/2025 Text Books
    Dewey Decimal Classification     MBA PIET C-LIBRARY PIET C-LIBRARY 04/04/2025 Zaffa Books INR 470.00 ZBD0013   519.542 CAB 39053 16/04/2025 319.60 25/03/2025 Text Books

Design & Developed by: PIET Central Library
R70 Miles Stone Pattikalyana Samalkha Panipat 132102
mail ID :- [email protected], Phone No:- 0180-2569700 Ex.216